Name the flag EXTREME edition - Statistics

General Stats
  • This quiz has been taken 25 times
  • The average score is 9 of 15
Answer Stats
Picture Answer % Correct
Chad
95%
Samoa
95%
Gabon
86%
Kuwait
86%
Central african republic
82%
Vanuatu
82%
Comoros
77%
Jersey
45%
Reunion
41%
Northern cyprus
36%
French guiana
32%
British virgin islands
27%
Donetsk
27%
Saba
27%
Sint maarten
27%
No matching quizzes found
Score Distribution
Percent of People with Each Score
Percentile by Number Answered
Your Score History
You have not taken this quiz